Statistics for First Woman to .....

Click here to take the quiz!

General Stats

  • This quiz has been taken 84 times
  • The average score is 8 of 16

Answer Stats

First woman to ...HintAnswer% Correct
become Prime Minister of the United Kingdom1979Margaret Thatcher
99%
run for U.S. President on a major party ticket2016Hillary Clinton
96%
fly solo across the Atlantic Ocean1932Amelia Earhart
94%
become Chancellor of Germany2005Angela Merkel
92%
become Prime Minister of India1966Indira Gandhi
87%
win a Nobel Prize (Physics)1903Marie Curie
86%
earn more than $100,000 in prize money in a single season in any sport (tennis)1971Billie Jean King
65%
become Prime Minister of Israel1969Golda Meir
63%
run for U.S. Vice-President on a major party ticket1984Geraldine Ferraro
33%
become Associate Justice of the U.S. Supreme Court1981Sandra Day O'Connor
30%
win an IndyCar Series race (Indy Japan 300)2008Danica Patrick
27%
become United States Attorney General1993Janet Reno
24%
fly in space (Vostok 6 mission)1963Valentina Tereshkova
23%
be the world's first democratically directly elected female president (Iceland)1980Vigdís Finnbogadóttir
8%
serve in the U.S. cabinet (Secretary of Labor)1933Frances Perkins
6%
qualify and compete in both the Indianapolis 500 and the Daytona 5001977Janet Guthrie
5%

Score Distribution

Percentile by Number Answered

Percent of People with Each Score

Your Score History

You have not taken this quiz